Culture Générale - Série 2673 - Statistiques

Statistiques générales
  • Ce quiz a été pris 78 fois
  • Le résultat moyen est 6 sur 10
Statistiques - réponses
Question Réponse % Correct
Quelle est la capitale du Maroc ? Rabat
94%
Mot ou groupe de mots qui peut se lire indifféremment de gauche à droite ou de droite à gauche en gardant le même sens (ex. la mariée ira mal ). palindrome
82%
De qui la comtesse de Ségur a-t-elle raconté les malheurs ? Sophie
81%
En quelle année le mur de Berlin a-t-il été construit ? 1961
74%
Pour quel pays, France Gall remporte-t-elle l’Eurovision 1965 avec la chanson “Poupée de cire, poupée de son” ? Luxembourg
69%
Quelle était la monnaie de l’Italie avant l’euro ? lire
68%
Dans la mythologie gecque quelle est la soeur jumelle d'Apollon ? Artémis
51%
Quel département français porte le numéro 12 ? Aveyron
51%
Par quel terme désigne-t-on une partie nulle aux échecs ? pat
49%
[En parlant d'un cheval] Dont la robe et les crins sont de couleur fauve tirant sur le roux. alezan
23%
Aucun quiz correspondant
Distribution des résultats
% des personnes avec chaque résultat
Percentile par nombre de réponses
Votre historique - résultats
Vous n’avez pas pris ce quiz